Literatura femenina de España y las Américas
Saved in:
| Hovedforfatter: | |
|---|---|
| Format: | Bog |
| Sprog: | spansk |
| Udgivet: |
Madrid
Fundamentos
1995
|
| Serier: | Espiral Hispano Americana, 26
|
| Fag: | |
| Tags: |
Tilføj Tag
Ingen Tags, Vær først til at tagge denne postø!
|
MARC
| LEADER | 00000nam a2200000 a 4500 | ||
|---|---|---|---|
| 001 | UCU0312 | ||
| 003 | CL-VaPUC | ||
| 008 | 960322e19950000SP |||||||||||||||||spa|d | ||
| 082 | 0 | 4 | |a 860.9 |b FAG |2 21 |
| 100 | 0 | |a Fagundo, Ana María |e author |9 355358 | |
| 245 | 1 | 0 | |a Literatura femenina de España y las Américas |
| 300 | |a 267 p | ||
| 942 | |c BK | ||
| 945 | |d 19960322 00:00:00 |a rleighto | ||
| 260 | |a Madrid |b Fundamentos |c 1995 | ||
| 600 | 0 | 7 | |a FIGUERA, ANGELA |2 CL-VaPUC |9 355359 |
| 600 | 0 | 7 | |a PEDRERO, PALOMA |2 CL-VaPUC |9 355360 |
| 600 | 0 | 7 | |a ZARDOYA, CONCHA |2 CL-VaPUC |9 355361 |
| 600 | 0 | |a Pizarnik, Alejandra, |d 1936-1972 |9 355362 | |
| 650 | 0 | |a Literatura española |9 306261 | |
| 650 | 0 | |a Literatura argentina |9 320596 | |
| 650 | 0 | |a Literatura estadounidense |9 317168 | |
| 650 | 7 | |a POESIA ARGENTINA |2 CL-VaPUC |9 268280 | |
| 650 | 0 | |a Teatro español |9 265077 | |
| 650 | 7 | |a NOVELA ESPAÑOLA |2 CL-VaPUC |9 313139 | |
| 583 | |a last modification |c 19960322 00:00:00 |k Rodrigo Vera | ||
| 490 | 0 | |a Espiral Hispano Americana, 26 | |
| 999 | |c 245179 |d 245177 | ||
| 952 | |0 0 |1 0 |4 0 |6 860_900000000000000_FAG_1995 |7 0 |8 A |9 259616 |a BIBEDU |b BIBEDU |c ES_NOD |d 2019-11-19 |i 3183629 |l 7 |m 1 |o 860.9 FAG 1995 |p 3183629 |r 2024-03-15 |s 2024-03-07 |w 2019-11-19 |y BK |k LIT | ||